[Event "XX Sant Marti Open 2018"]
[Site "Sant Marti"]
[Date "2018.07.20"]
[Round "8"]
[White "Miciano, John Marvin"]
[Black "Mitrabha, Guha"]
[Result "0-1"]
[WhiteElo "2411"]
[BlackElo "2299"]
[Annotator "TA"]
[PlyCount "190"]
[EventDate "2018.07.13"]
[EventType "swiss"]
[EventCountry "ESP"]
[SourceTitle "playchess.com"]
[Source "ChessBase"]
[SourceQuality "1"]

{[%evp 19,190,31,38,0,53,-6,-13,-3,0,0,0,0,4,-5,0,-4,-6,-1,0,-7,-6,-5,11,0,0,0,0,0,0,0,0,0,0,-19,-13,-20,-12,-29,-27,-34,-34,-34,-29,-42,-13,-18,0,-22,-12,-14,-6,0,0,0,0,-8,0,-3,-10,-8,0,0,0,0,0,0,0,0,0,0,0,0,0,0,0,0,0,0,0,-1,0,0,0,0,0,0,0,0,0,0,0,-1,0,-9,0,-2,8,0,0,-8,0,0,0,0,0,0,0,0,0,0,0,0,0,0,0,0,0,0,-5,-12,-12,-16,-12,-12,-8,-18,-10,-20,0,0,0,-13,-17,-65,-105,-63,0,0,0,0,0,0,0,0,0,0,0,0,0,0,0,0,0,0,0,0,0,0,0,0,0,0,0,-29972,-29971,-29971,-29976,-29982,-29983,-29983,-29983,-29983,-29984]} 1. e4 c6 2. d4 d5 3. exd5 cxd5 4. Bd3 Nc6 5. c3 Qc7 6. h3 Nf6 7. Nf3 g6 8. O-O Bg7 9. Re1 O-O 10. Nbd2 {B13: Caro-Kann: Exchange Variation and Panov-Botvinnik Attack} (10. Na3 Bf5 11. Bf1 a6 12. Nc2 Bxc2 13. Qxc2 b5 14. a4 Qb7 15. Qb3 Na5 16. Qb4 Nc6 17. Qc5 bxa4 {1-0 (42) Artemiev,V (2682)-Rozum,I (2606) Sochi 2017}) 10... Bf5 {LiveBook: 9 Games} 11. Nf1 a6 $146 (11... Bxd3 $11 12. Qxd3 Rac8) ({Predecessor:} 11... Bxd3 12. Qxd3 e6 13. Ng3 Rab8 14. Bg5 b5 15. Qd2 Qb7 {½-½ (37) Pandurevic,M (2291)-Dizdarevic,E (2481) Zupanja 2011}) 12. a4 (12. Bxf5 $14 gxf5 13. Ng3) 12... Bxd3 $11 13. Qxd3 Ne4 14. Ng5 Nxg5 15. Bxg5 Rfe8 16. Qf3 Qd7 17. Ne3 Rad8 18. Bh4 Na5 19. Nc2 Nc4 20. Ra2 $1 a5 (20... f6 {with more complications.} 21. Qd1 Nd6 22. Ne3 e6 23. Ra1 Nf5) 21. Ne3 Nxe3 22. Rxe3 Rc8 23. Bg3 Rc4 24. Qd1 b5 25. axb5 Qxb5 26. b3 Rc6 27. Qa1 Qxb3 28. Rxa5 Bf6 29. Qa3 Qxa3 30. Rxa3 Rec8 31. Kf1 Rb6 32. Ke2 e6 33. Kd3 Bg5 34. Re2 Bc1 35. Ra5 Rbc6 {[%csl Gc8][%cal Rc6c3]} (35... Rb3 {seems wilder.} 36. Rc5 Ra8 37. Kc2 Rb2+ 38. Kd3 Rb7) 36. Rc2 $1 {[%cal Rc2c1]} Bh6 37. Rb5 Bg7 38. Rb8 Rxb8 39. Bxb8 {[%mdl 4096] Endgame KRB-KRB} Rb6 40. Bf4 h6 41. Be3 Rb3 42. Ke2 g5 43. c4 dxc4 44. Rxc4 f5 45. g3 Rb7 46. Ra4 Kf7 47. Ra5 Rd7 48. Ra4 Ke7 49. Kf3 Rb7 50. Ke2 Kd7 51. Ra5 Kd6 52. Ra6+ Ke7 53. Ra5 Rd7 54. Ra4 Bf6 55. Rb4 Kf7 56. Ra4 Bd8 57. Ra6 Bc7 58. Kf3 Bd6 59. Rb6 Ke7 60. Ra6 Rb7 61. Ke2 Kd7 62. Ra8 Rb2+ 63. Kf3 Rb3 64. Ra7+ Kc6 65. Rh7 f4 66. gxf4 gxf4 67. Rxh6 Kd7 ({Much less strong is} 67... fxe3 68. fxe3 Kd7 69. h4 $17) 68. Rh7+ Ke8 ({Don't take} 68... Kc6 69. h4 $17) 69. Ke4 fxe3 70. fxe3 {KRB-KR} Rb5 71. h4 Be7 {White should prevent ...Bf6.} 72. Kf4 Rf5+ 73. Kg4 Kd7 74. e4 Rf1 75. d5 e5 {And now ...Rf4+ would win.} 76. h5 $1 Rf4+ 77. Kg3 Rxe4 (77... Kd6 $1 $15 78. Rh6+ Kc5 79. Rc6+ Kd4) 78. h6 Rf4 79. Rg7 Rf6 ({Much worse is} 79... Kd6 $6 80. h7 $16) 80. h7 Rh6 81. Kf3 Rh4 {White must now prevent ...Kd6.} 82. Kg3 {White threatens Rxe7+! and mate.} Rh1 {...Kd6 is the strong threat.} 83. Kg4 Kd6 {Threatens to win with ...Bf6.} 84. Kf5 Rh4 85. Kg6 e4 {Hoping for ...e3.} 86. Rg8 {[#]} Bf6 $1 {[%mdl 512]} 87. Kxf6 Rxh7 {KR-KR} 88. Rd8+ Rd7 89. Ra8 Kxd5 {Strongly threatening ...e3.} 90. Ra1 Rh7 91. Rd1+ $2 {[%mdl 8192] [#]} (91. Kg5 $11) 91... Kc4 {Black mates.} 92. Ke5 e3 {[%cal Be4e3,Be3e2][%mdl 32]} 93. Ke4 Re7+ 94. Kf3 e2 95. Re1 Kd3 {Precision: White = 61%, Black = 59%.} 0-1

[Event "XX Sant Marti Open 2018"]
[Site "Sant Marti"]
[Date "2018.07.20"]
[Round "8"]
[White "Perez Mitjans, Orelvis"]
[Black "Munoz, Miguel"]
[Result "0-1"]
[WhiteElo "2399"]
[BlackElo "2500"]
[Annotator "TA"]
[PlyCount "89"]
[EventDate "2018.07.13"]
[EventType "swiss"]
[EventCountry "ESP"]
[SourceTitle "playchess.com"]
[Source "ChessBase"]
[SourceQuality "1"]

{[%evp 17,89,54,55,28,34,43,45,32,59,57,93,95,82,25,25,47,50,25,74,83,75,75,110,81,124,32,152,156,168,93,84,98,93,95,66,0,0,0,0,0,0,0,22,28,17,18,335,334,350,290,314,193,185,16,34,22,26,0,27,0,31,-529,-535,-526,-520,-553,-555,-539,-534,-589,-585,-785,-743,-29989]} 1. e4 d5 2. exd5 Nf6 3. Nf3 Qxd5 4. d4 Bg4 5. Be2 Nc6 6. h3 Bxf3 7. Bxf3 Qd6 {B01: Scandinavian Defence} (7... Qe6+ 8. Be3 Nd5 9. Qe2 Nxe3 10. fxe3 Qd7 11. Nd2 e6 12. O-O Be7 13. c3 O-O 14. b4 Rae8 15. Nc4 {½-½ (89) Grischuk,A (2750)-Vachier Lagrave,M (2795) chess.com INT 2017}) 8. c3 O-O-O 9. O-O e5 {[%cal Re5d4] LiveBook: 4 Games. White is slightly better.} 10. Nd2 $146 ({Predecessor:} 10. Qb3 e4 11. Be2 Nd5 12. Bg4+ Kb8 13. Bf5 Re8 14. Nd2 e3 15. fxe3 Nxe3 {1-0 (35) Godena,M (2533)-Plaskett,H (2480) Tel Aviv 2012}) 10... exd4 11. Nc4 Qc5 12. Qb3 Nd5 13. Rd1 $1 g6 14. cxd4 $1 Qb4 15. Qc2 (15. Ne5 $16 Nxe5 16. dxe5 (16. Bxd5 Qxb3 17. Bxb3 Nc6 $16)) 15... Bg7 $1 $11 16. Be3 f5 17. Rac1 Kb8 18. a3 $36 {[%cal Ba2a3,Ba3a4][%mdl 2080] White is in control.} Qb5 19. a4 Qa6 20. b4 $1 {[%cal Rb4b5]} Ncxb4 21. Qb3 Rhe8 (21... f4 $1 $14 22. Bxf4 Nxf4 23. Qxb4 Bxd4) 22. Bg5 $1 $16 Rd7 {[#]} 23. Ne5 $1 {[%mdl 512]} Bxe5 24. dxe5 {[%cal Rd1d5]} Qe6 25. a5 $1 ({Inferior is} 25. Bxd5 Nxd5 26. Rb1 c6 $15) 25... c6 26. Be2 ({White should play} 26. Rd4 $14 Na6 27. Rxc6 Qxc6 28. Bxd5 Rxd5 29. Rxd5) 26... Qxe5 $11 27. Bf1 {Threatens to win with Bd2.} f4 28. h4 Qg7 29. a6 b6 {[#]} 30. Bxf4+ $1 {[%mdl 512]} Nxf4 31. Qxb4 Nd5 $2 {[%mdl 8192]} (31... Ne6 $1 $11 {and Black has nothing to worry.}) 32. Qa4 $1 $18 b5 {[#]} 33. Qb3 $1 Rc8 34. Rc5 {[%cal Rd1d5] Black must now prevent Rdxd5.} Nb6 {[#]} 35. Rdc1 $2 (35. Qg3+ $1 $18 Ka8 36. Rdc1) 35... Qf6 $1 $11 36. Qg3+ Qd6 37. Qf3 {[%cal Rc5c6]} Rdc7 (37... Nc4 $5 38. Qg4 Rcd8 39. R5xc4 bxc4 40. Qxc4 Rc7 $15) 38. g3 Nd7 (38... Nc4 $5 39. R5xc4 bxc4 $15) 39. Rxb5+ $2 {[%mdl 8192]} (39. R5c2 $14 {keeps the upper hand.}) 39... cxb5 $19 {Black is clearly winning.} 40. Rb1 Rf8 41. Qe4 Nb6 42. Rxb5 Re7 43. Qc2 Re1 {And now ...Rc8 would win.} 44. Qb3 Qd4 45. Qa2 {Precision: White = 51%, Black = 40%.} 0-1

[Event "XX Sant Marti Open 2018"]
[Site "Sant Marti"]
[Date "2018.07.20"]
[Round "8"]
[White "Grafl, Florian"]
[Black "Ruiz Castillo, Joshua Daniel"]
[Result "0-1"]
[WhiteElo "2364"]
[BlackElo "2410"]
[Annotator "NA"]
[PlyCount "80"]
[EventDate "2018.07.13"]
[EventType "swiss"]
[EventCountry "ESP"]
[SourceTitle "playchess.com"]
[Source "ChessBase"]
[SourceQuality "1"]
[TimeControl "5400+30"]

1. d4 {[%emt 0:00:00]} Nf6 {[%emt 0:00:00]} 2. Nc3 {[%emt 0:00:00]} e6 {[%emt 0:00:00]} 3. e4 {[%emt 0:00:00]} d5 {[%emt 0:00:00]} 4. exd5 {[%emt 0:00:00]} exd5 {[%emt 0:00:22]} 5. Bg5 {[%emt 0:00:00]} Be7 {[%emt 0:01:13]} 6. Bd3 {[%emt 0:01:53]} O-O {[%emt 0:02:53]} 7. Nge2 {[%emt 0:00:12]} c6 {[%emt 0:01:02]} 8. O-O {[%emt 0:02:46]} Bg4 {[%emt 0:00:11]} 9. f3 {[%emt 0:13:53]} Bh5 {[%emt 0:00:16]} 10. Ng3 {[%emt 0:00:33]} Bg6 {[%emt 0:00:06]} 11. f4 {[%emt 0:09:52]} Bxd3 {[%emt 0:01:28]} 12. Qxd3 {[%emt 0:01:05]} Re8 {[%emt 0:12:01]} 13. Nf5 {[%emt 0:10:40]} Bf8 {[%emt 0:00:08]} 14. Qg3 {[%emt 0:00:27]} Kh8 {[%emt 0:00:04]} 15. Qh4 {[%emt 0:00:11]} Nbd7 {[%emt 0:00:10]} 16. Rf3 {[%emt 0:00:40]} Qb6 {[%emt 0:03:38]} 17. Rh3 {[%emt 0:41:33]} Qxb2 {[%emt 0:02:46]} 18. Rf1 {[%emt 0:00:02]} Qxc2 {[%emt 0:00:45]} 19. g4 {[%emt 0:00:04]} Re6 {[%emt 0:01:54]} 20. Nd1 {[%emt 0:00:46]} h6 {[%emt 0:06:08]} 21. Nde3 {[%emt 0:00:02]} Rxe3 {[%emt 0:27:32]} 22. Nxe3 {[%emt 0:03:14]} Qd2 {[%emt 0:00:59]} 23. Nf5 {[%emt 0:00:18]} Ng8 {[%emt 0:00:36]} 24. Qe1 {[%emt 0:04:59]} Qxa2 {[%emt 0:00:52]} 25. Rf2 {[%emt 0:05:33]} Qc4 {[%emt 0:01:18]} 26. Re2 {[%emt 0:00:43]} Bb4 {[%emt 0:03:12]} 27. Qd1 {[%emt 0:01:27]} a5 {[%emt 0:01:27]} 28. Rc2 {[%emt 0:00:45]} Qb5 {[%emt 0:00:18]} 29. Rb2 {[%emt 0:01:09]} Qc4 {[%emt 0:00:45]} 30. Rc2 {[%emt 0:01:22]} Qa6 {[%emt 0:00:01]} 31. Nxh6 {[%emt 0:00:43]} gxh6 {[%emt 0:00:11]} 32. Bxh6 {[%emt 0:00:04]} Nxh6 {[%emt 0:00:03]} 33. g5 {[%emt 0:00:02]} Re8 {[%emt 0:00:16]} 34. Kg2 {[%emt 0:01:23]} Re1 {[%emt 0:00:44]} 35. Qf3 {[%emt 0:00:27]} Bf8 {[%emt 0:00:14]} 36. Rf2 {[%emt 0:00:34]} Qb5 {[%emt 0:00:40]} 37. Qg4 {[%emt 0:00:29]} Qb1 {[%emt 0:00:10]} 38. Rxh6+ {[%emt 0:00:26]} Bxh6 {[%emt 0:00:21]} 39. Qxd7 {[%emt 0:00:04]} Rg1+ {[%emt 0:00:44]} 40. Kh3 {[%emt 0:00:02]} Qh7 {[%emt 0:00:08]} 0-1

[Event "XX Sant Marti Open 2018"]
[Site "Sant Marti"]
[Date "2018.07.20"]
[Round "8"]
[White "Ryan, Joseph"]
[Black "Oliva Castaneda, Kevel"]
[Result "1/2-1/2"]
[WhiteElo "2273"]
[BlackElo "2491"]
[Annotator "TA"]
[PlyCount "58"]
[EventDate "2018.07.13"]
[EventType "swiss"]
[EventCountry "ESP"]
[SourceTitle "playchess.com"]
[Source "ChessBase"]
[SourceQuality "1"]

{[%evp 31,44,35,48,54,63,60,49,47,51,38,38,35,29,29,49]} 1. e4 c5 2. Nf3 e6 3. d4 cxd4 4. Nxd4 Nc6 5. Nc3 Qc7 6. g3 a6 7. Bg2 d6 8. O-O Bd7 9. Nxc6 Bxc6 10. a4 Nf6 11. a5 Be7 12. Be3 O-O 13. Bb6 {B80: Sizilianisch (Scheveninger System)} Qc8 14. Re1 Nd7 15. Bd4 Qc7 16. Na4 Rae8 {LiveBook: 3 Partien} 17. Nb6 Nxb6 18. Bxb6 Qd7 19. Qd3 f5 (19... e5 20. Rad1 Qe6 21. c4 Rc8 22. b3 Rfe8 23. Rc1 Bd7 24. b4 Ra8 {1-0 (34) Efimenko,Z (2651)-Kurnosov,I (2657) Abu Dhabi 2013}) 20. exf5 Bxg2 21. Kxg2 Rxf5 22. c4 Bf8 {Vorgänger:} 23. Kg1 $146 Qf7 24. Re2 Rc8 25. Rae1 d5 26. Rxe6 dxc4 27. Qe4 Bb4 28. Re2 h6 29. Rc2 Bxa5 {½-½ (27) Kutuzovic,B (2321)-Doric,D (2456) Sibenik 2009} 1/2-1/2

[Event "XX Sant Marti Open 2018"]
[Site "Sant Marti"]
[Date "2018.07.21"]
[Round "9"]
[White "Martinez Alcantara, Jose Eduardo"]
[Black "Cori Quispe, Kevin Joel"]
[Result "1-0"]
[WhiteElo "2545"]
[BlackElo "2487"]
[Annotator "TA"]
[PlyCount "71"]
[EventDate "2018.07.13"]
[EventType "swiss"]
[EventCountry "ESP"]
[SourceTitle "playchess.com"]
[Source "ChessBase"]
[SourceQuality "1"]

{[%evp 25,71,43,42,12,25,4,62,80,73,64,66,62,86,83,107,106,98,101,125,73,77,80,92,154,161,151,159,167,190,187,175,172,256,256,256,256,284,268,265,229,1025,1012,984,984,923,914,1306,1333]} 1. e4 e5 2. Nf3 Nc6 3. Bb5 a6 4. Bxc6 dxc6 5. O-O f6 6. d4 Bg4 7. c3 Bd6 8. Be3 Qe7 9. Nbd2 O-O-O 10. dxe5 {C69: Spanische Partie (Abtauschvariante)} fxe5 11. b4 Nf6 12. a4 Qe8 (12... c5 13. Rb1 cxb4 14. Qc2 Bxf3 15. gxf3 g5 16. cxb4 g4 17. b5 gxf3 18. Nxf3 axb5 19. axb5 {½-½ (42) Ivanchuk,V (2711)-Grischuk,A (2702) Moscow 2002}) 13. Qc2 Rf8 {LiveBook: 6 Partien} 14. h3 Bxf3 15. Nxf3 Nh5 $146 (15... Qg6 $11) ({Vorgänger:} 15... Qg6 16. Nd2 Nd5 17. Nc4 Kb8 {½-½ (50) Packroff,H (2206)-Ressler,V (2284) ICCF email 2013}) 16. Rfb1 $14 Qe6 17. Qe2 {Schwarz muss nun Sg5 beachten.} Nf4 $1 {[%cal Rf4e2]} 18. Bxf4 $1 Rxf4 19. b5 $36 {[%mdl 2048] Droht bxc6 und aus. Weiss ist am Drücker.} Rdf8 20. bxc6 bxc6 21. Qxa6+ Kd7 22. Re1 ({Lieber} 22. Rd1) 22... Rxf3 23. gxf3 Qxh3 {[#] ( -> ...Tf6)} 24. Qf1 Qxf3 25. Qg2 Qh5 26. Qh2 ({Und nicht} 26. Qxg7+ Ke6 $11) 26... Qxh2+ 27. Kxh2 Rxf2+ $18 {[%mdl 4096] Endspiel KTT-KTL} 28. Kg3 Rc2 {[#]} (28... Rf8 $142 29. Rf1 Re8 30. Rf7+ Re7 31. Rxe7+ Bxe7) 29. Rec1 $1 {[%cal Rc1c2]} Rb2 30. a5 {[%cal Ba4a5,Ba5a6][%mdl 32]} Rb8 31. a6 Bc5 32. Ra5 Rb5 $2 (32... Be3 33. Re1 Bf4+ 34. Kg4 g6) 33. Rd1+ {Weiß steht klar auf Gewinn.} Kc8 34. Rxb5 cxb5 35. Rd5 $1 {[%csl LRc5,LRe5]} Ba7 36. Rxb5 {Precision: Weiß = 79%, Schwarz = 47%.} 1-0

[Event "XX Sant Marti Open 2018"]
[Site "Sant Marti"]
[Date "2018.07.21"]
[Round "9"]
[White "Quesada Perez, Yasser"]
[Black "Ryan, Joseph"]
[Result "1-0"]
[WhiteElo "2531"]
[BlackElo "2273"]
[Annotator "TA"]
[PlyCount "101"]
[EventDate "2018.07.13"]
[EventType "swiss"]
[EventCountry "ESP"]
[SourceTitle "playchess.com"]
[Source "ChessBase"]
[SourceQuality "1"]

{[%evp 16,101,24,22,66,60,63,47,62,59,58,47,43,43,56,18,17,0,0,0,0,4,31,14,16,15,28,14,19,-21,-19,-17,-17,-10,0,-20,-10,-18,0,-75,0,0,29,41,36,29,87,95,112,111,275,268,281,243,382,376,370,365,327,183,194,182,255,197,292,287,225,209,283,227,401,389,810,801,1358,1343,1284,1257,1572,1547,2769,2643,12834,12835,12834,12832,3489,4910]} 1. e4 e5 2. Nf3 Nc6 3. Bb5 Bc5 4. c3 Nf6 5. d3 {[%cal Bd2d3,Bd3d4][%mdl 32]} d6 6. O-O O-O 7. Bg5 h6 {C65: Ruy Lopez: Berlin Defence (3...Nf6), unusual lines and 4 0-0 Bc5} 8. Bh4 Qe7 (8... g5 9. Bg3 Bb6 10. Nbd2 g4 11. Nh4 Nh5 12. Nc4 Qg5 13. Qc1 Ne7 14. Nxb6 axb6 15. f3 {1-0 (54) Ivanchuk,V (2726)-Le,Q (2737) Huaian 2017}) 9. Nbd2 {[%cal Bb1d2,Bd2c4,Bc4e3,Be3f5][%mdl 32] LiveBook: 7 Games} Nb8 {The position is equal.} 10. d4 Bb6 11. Bd3 $146 ({Predecessor:} 11. Re1 c6 12. Bf1 Re8 13. Nc4 Bc7 14. d5 Nbd7 15. b4 {1-0 (60) Azarov,S (2585)-Jumabayev,R (2442) Voronezh 2008}) 11... c6 12. Nc4 {aiming for Nxd6!} Bc7 13. Ne3 Re8 14. Nd2 Nbd7 15. Nf5 Qf8 $1 16. Qf3 g6 17. Ne3 Nh5 18. Bc2 Nf4 19. Bg3 Nh5 20. Bb3 Ndf6 21. d5 g5 22. dxc6 bxc6 23. Qd1 Nf4 24. Kh1 Rb8 25. f3 Rd8 26. Qc2 h5 27. Bf2 (27. Ba4 $11) 27... Bb6 (27... d5 $17) 28. Ndc4 $11 h4 29. Nxb6 axb6 30. Rfd1 h3 (30... d5 $11) 31. g3 $36 {[%mdl 2048] Black is under strong pressure.} Ng6 32. Qe2 Bb7 $2 (32... b5 $16) 33. Nf5 $18 Bc8 34. Be3 Bxf5 (34... Nh7 $142 35. Qd2 Bxf5) 35. exf5 Ne7 36. Bxg5 Qg7 37. Bxf6 (37. Qd2 $142) 37... Qxf6 38. g4 Kg7 (38... b5 $142 39. Re1 Qg5) 39. Rd2 d5 (39... Ra8 {was called for.} 40. Qe3 b5) 40. Re1 Re8 41. Rdd1 ({Less strong is} 41. Qxe5 Nxf5 42. Qxf6+ (42. Qxe8 Rxe8 43. Rxe8 Nh6 $11) 42... Kxf6 $14) 41... Nc8 42. c4 d4 $2 {[#]} (42... Nd6 {was worth a try.} 43. cxd5 c5) 43. Rxd4 $1 {[%mdl 512]} Nd6 $2 {[#]} (43... exd4 44. Qxe8 d3) 44. g5 $1 {[%cal Bg4g5,Bg5g6][%mdl 32] White is clearly winning.} Qd8 (44... Qxg5 45. Rg4) 45. f6+ Kg8 46. Rd2 e4 47. Red1 exf3 48. Qxf3 Qd7 49. g6 {Intending Qh5 and mate.} Qf5 50. Qxf5 Nxf5 {[#]} 51. c5 $1 {Precision: White = 65%, Black = 35%.} 1-0

[Event "XX Sant Marti Open 2018"]
[Site "Sant Marti"]
[Date "2018.07.21"]
[Round "9"]
[White "Munoz, Miguel"]
[Black "Alonso Rosell, Alvar"]
[Result "1/2-1/2"]
[WhiteElo "2500"]
[BlackElo "2523"]
[Annotator "TA"]
[PlyCount "27"]
[EventDate "2018.07.13"]
[EventType "swiss"]
[EventCountry "ESP"]
[SourceTitle "playchess.com"]
[Source "ChessBase"]
[SourceQuality "1"]

{[%evp 21,27,4,4,-13,-13,-14,-29,-29]} 1. e4 e5 2. Nf3 Nc6 3. Bb5 {[%cal Bf1b5,Bb5a4,Ba4b3][%mdl 32]} a6 4. Ba4 d6 5. d4 b5 6. Bb3 Nxd4 7. Nxd4 exd4 8. Bd5 {C71: Ruy Lopez: Deferred Steinitz Variation, sidelines} Rb8 9. Bc6+ Bd7 10. Bxd7+ Qxd7 11. Qxd4 Nf6 {LiveBook: 33 Games} 12. Qa7 (12. O-O Be7 13. b3 O-O 14. Bb2 Rfe8 15. Nd2 c5 16. Qd3 Rbd8 17. c4 Ng4 18. Rad1 Bf6 19. Bxf6 Nxf6 20. Rfe1 Qc6 {½-½ (59) Vachier Lagrave,M (2789)-Mamedyarov,S (2799) Riadh 2017}) 12... Qc8 {Hoping for ...c5.} 13. Nc3 $146 ({Predecessor:} 13. Qe3 Be7 14. O-O O-O 15. Nc3 Qb7 16. Qf3 {½-½ (16) Hansen,L (2265)-Juul Nielsen,C Copenhagen 1992}) 13... Be7 {[#] Strongly threatening ...c5.} 14. Bg5 1/2-1/2

[Event "XX Sant Marti Open 2018"]
[Site "Sant Marti"]
[Date "2018.07.21"]
[Round "9"]
[White "Oliva Castaneda, Kevel"]
[Black "Gonzales, Jayson"]
[Result "1/2-1/2"]
[WhiteElo "2491"]
[BlackElo "2367"]
[Annotator "TA"]
[PlyCount "131"]
[EventDate "2018.07.13"]
[EventType "swiss"]
[EventCountry "ESP"]
[SourceTitle "playchess.com"]
[Source "ChessBase"]
[SourceQuality "1"]

{[%evp 21,131,23,18,20,19,1,10,0,0,-13,60,42,52,0,2,0,27,20,21,17,29,0,0,-18,-7,-8,-10,-21,-2,-11,-4,-4,-4,-16,-17,-35,-30,-29,-31,-34,-33,-37,-33,-33,-30,-95,-89,-87,-84,-125,-130,-135,-100,-99,-93,-188,-189,-185,-165,-410,-367,-709,-170,-358,-365,-791,-451,-402,-344,-345,-337,-311,-261,-247,-196,-204,-166,-157,-120,-128,-132,-140,-66,-62,-55,-82,-50,-199,-203,-322,-8,-8,-8,-8,-8,-8,0,0,0,0,0,0,0,0,0,0,0,0,0,0,0,0]} 1. d4 d5 2. c4 e6 3. Nf3 c6 4. e3 f5 5. Be2 Nf6 6. O-O Bd6 7. b3 Qe7 8. Bb2 O-O 9. Qc1 {A84: Dutch Defence: 2 c4 Miscellaneous} b6 10. Ba3 Bb7 11. Bxd6 Qxd6 {LiveBook: 9 Games} 12. Qb2 $146 ({Predecessor:} 12. Qa3 Qxa3 13. Nxa3 a5 14. Rfc1 {½-½ (14) Mchedlishvili,M (2637)-Zhigalko,S (2661) Denizli 2013}) 12... Nbd7 13. Na3 Ne4 14. Rad1 f4 15. Nc2 {[%cal Ba3c2,Bc2e1,Be1d3][%mdl 32]} Rf5 (15... c5 $11) 16. exf4 (16. Ne5 $5) 16... Rxf4 17. Nce1 Raf8 18. Nd3 R4f5 19. Nfe5 Nxe5 20. dxe5 Qe7 $1 21. cxd5 exd5 22. Bg4 Rg5 23. f3 Ba6 {Strongly threatening ...Nc5.} 24. Rfe1 $1 Rg6 25. fxe4 Rxg4 26. exd5 cxd5 27. Nf2 Rgf4 28. Nh3 Qc5+ 29. Kh1 Re4 30. e6 h6 31. Qd2 Bb7 32. Rc1 $1 {[%cal Rc1c5]} Rxe1+ 33. Qxe1 (33. Rxe1 $11 d4 34. Kg1) 33... Qd6 $1 $17 34. Qe2 Re8 35. Re1 d4 36. Nf2 Qd5 {[%csl Gb7][%cal Rd5g2]} 37. Nd3 Ba6 $36 {[%mdl 2048] Hoping for ...Qf5. Black is in control.} 38. Qd1 (38. e7 $17) 38... Qf5 $1 $19 {[%cal Rf5d3]} ({Inferior is} 38... Rxe6 39. Nb4 $11) 39. Nb4 Bb7 {White must now prevent ...Qf2.} 40. Qxd4 $2 (40. Qe2) 40... Rxe6 41. Rg1 $2 {[#]} (41. Qc4 Bd5 42. Qf1 Rxe1 43. Qxe1) 41... Re2 $2 (41... Bxg2+ $1 {[%mdl 512]} 42. Rxg2 Re1+ 43. Qg1 Rxg1+ 44. Kxg1 Qc5+ 45. Rf2 Qxb4) 42. Qd8+ $2 (42. Qc4+ Qe6 43. Qxe6+ Rxe6 44. Nd3) 42... Kh7 43. Qd1 $2 (43. Qd3 Qxd3 44. Nxd3) 43... Qe4 {[%cal Re2g2]} 44. Qd3 Qxd3 45. Nxd3 Rxa2 {[%mdl 4096] Endgame KRB-KRN} 46. h4 Rd2 47. Nf4 g5 48. hxg5 hxg5 49. Re1 Bc6 50. Re7+ Kg8 51. Rc7 Rc2 {[#]} (51... Rd6 $17 52. Ne2 a5) 52. Nd5 $1 $15 {[%cal Rd5e7][%mdl 512]} Kf8 {...Rc5 is the strong threat.} (52... Bxd5 53. Rxc2) 53. Kh2 a5 54. Ne3 {[#]} (54. Nxb6 $15 Ke8 55. Nc4 Rxg2+ 56. Kh3 g4+ 57. Kh4) 54... Rc5 $1 $19 55. Nc4 {[#]} (55. g4 {might work better.}) 55... Bd5 $2 (55... a4 $1 $19 {[%cal Ra4b3]} 56. Nd2 a3) 56. Rxc5 $11 {The position is equal.} bxc5 57. Nxa5 {KB-KN} Ke7 58. Kg3 Kf6 59. Nc4 Bxc4 60. bxc4 {KPP-KPP} Ke5 (60... Kf5 $5) 61. Kg4 Kd4 62. Kxg5 Kxc4 63. Kf6 Kd3 (63... Kb3 $5 64. g4 $8 c4 $11) 64. g4 {[%cal Bg2g4,Bg4g5,Bg5g6][%mdl 32]} c4 65. g5 c3 {( -> ...c2)} 66. g6 {Precision: White = 35%, Black = 53%.} 1/2-1/2

[Event "XX Sant Marti Open 2018"]
[Site "Sant Marti"]
[Date "2018.07.21"]
[Round "9"]
[White "Iniyan, P."]
[Black "Saurabh Anand"]
[Result "1/2-1/2"]
[WhiteElo "2451"]
[BlackElo "2258"]
[Annotator "TA"]
[PlyCount "123"]
[EventDate "2018.07.13"]
[EventType "swiss"]
[EventCountry "ESP"]
[SourceTitle "playchess.com"]
[Source "ChessBase"]
[SourceQuality "1"]

{[%evp 24,123,35,-16,59,77,65,62,47,37,45,0,0,0,0,0,0,10,0,0,0,0,0,0,17,17,17,17,17,17,19,19,19,13,15,12,137,134,381,368,341,0,0,0,0,0,18,0,38,0,38,38,38,38,38,38,38,38,38,38,38,38,38,38,38,38,38,38,45,38,31,31,31,31,31,31,31,31,31,0,0,0,0,0,0,0,0,0,0,0,0,0,0,0,0,0,0,0,0,0,0,0]} 1. d4 Nf6 2. c4 e6 3. Nc3 Bb4 4. e3 O-O 5. Bd3 d5 6. Nf3 c5 7. O-O dxc4 8. Bxc4 cxd4 9. exd4 b6 10. Bg5 Bb7 11. Qe2 Nbd7 12. Rac1 Qb8 {E54: Nimzo-Indian: Rubinstein: Main Line: 7...dxc4 8 Bxc4} (12... h6 13. Bh4 Be7 14. Rfe1 Re8 15. Rcd1 a6 16. a4 Qc8 17. Bb3 Bc6 18. Ne5 Nxe5 19. dxe5 Nd7 20. Bxe7 Rxe7 {½-½ (48) Ivanchuk,V (2733)-Lupulescu,C (2609) Novi Sad 2016}) 13. Ne5 {LiveBook: 5 Games} (13. Rfd1 $14) 13... Bxc3 (13... Nxe5 $11 14. dxe5 Bxc3 15. Bxf6 gxf6 16. Rxc3 Qxe5) 14. Nxd7 $1 $14 ({Reject} 14. bxc3 $6 Nxe5 15. dxe5 Ne4 $11) 14... Nxd7 {White is better.} 15. Rxc3 Qd6 16. Qg4 $146 ({Predecessor:} 16. Rg3 Rfe8 17. Bb5 Bc6 18. Bxc6 Qxc6 19. Rc1 Qd5 20. Bh6 g6 21. Rgc3 Nf6 22. Rc7 a6 23. h3 Red8 24. Qe3 Qf5 25. g4 Qb5 26. Qf3 {1-0 (26) Nakauchi,G (2076)-Muller,J (1981) Parramatta 2009}) 16... Rfc8 17. Re1 Bd5 18. Bh6 {[%csl Gh6][%cal Rg4g7]} g6 19. Bf4 Qf8 20. Bb5 Nf6 21. Qh4 Nh5 $1 22. Bd2 Rxc3 23. Bxc3 Bxa2 24. d5 $36 {[%mdl 2048] Black is under pressure.} Bxd5 25. g4 Ng7 $1 26. Qf6 Rc8 27. Re3 Rc5 28. Bf1 a5 29. h4 Bc6 (29... h6 $11 {remains equal.}) 30. Rd3 $16 {aiming for Rd8.} Rd5 $2 (30... Bd5 $16) 31. Rxd5 Bxd5 {[#]} 32. g5 $2 ({Only move:} 32. h5 $1 $18 {[%mdl 512]}) 32... Bc6 $11 33. Bd3 b5 {[%cal Bb6b5,Bb5b4][%mdl 32]} 34. b3 b4 35. Bd4 a4 36. Bc4 axb3 37. Bxb3 Be4 38. Ba4 {[%mdl 1024] White has compensation.} Bd5 {[#]} 39. Be8 $1 {[%mdl 512]} Be4 (39... Qxe8 40. Qxg7#) 40. Kf1 Bd5 41. Bb5 Bb3 42. Ke2 Bd5 43. Kd3 Ba2 44. Kc2 Bd5 45. Kb2 Kh8 46. Ba6 Kg8 47. Bf1 Kh8 48. Be2 Kg8 49. Bd3 Bc6 50. Bc4 Ba4 51. f4 Bd1 {The position is equal.} 52. Bb5 Bf3 53. Bc4 Bd1 54. Kc1 Bf3 55. Kc2 Be4+ 56. Kb3 Bf3 57. Bd3 Bd1+ 58. Kb2 Bf3 59. Be5 Bd1 60. Bd4 Bf3 61. Kb3 Bd1+ 62. Kb2 {Precision: White = 77%, Black = 56%.} 1/2-1/2